01322nam a22002777a 450000500170000001000130001702000110003003500130004103700160005404000120007008200350008210000480011724501440016524600710030926000870038027000710046730000750053865000530061365000580066665000200072465000340074470000460077894200440082499900190086895201570088720170124103201.0 aA-969409 c500.00 aA-969409 bCen Lib/Ret aDPLbHN a591.03bगांगुली  aगांगुली, गौरी 991925 aसरल जंतु विज्ञान कोश /cगौरी गांगुली [एवं] धमो के. बताणी  aSaral jantu vigyan kosh /bby Gauri ganguli [evam] dhamo K. Butani aनयी दिल्ली bचिल्ड्रन बुक सदन c1998 bनयी दिल्ली a236/2, महरौली e110030  a385पृ.:c22सेमी(सजिल्द ) bसचित्र  aजंतु विज्ञान x z 959924 aजंतु विज्ञान--कोश 991926 aZoology 991927 aZoology - Dictionaries991928 aबताणी, धमो के.961597 2ddccHNh591.03mगांगुली  c120681d120681 00104070aLbLd2015-09-28eCen Lib/Refg500.00l2o591.03 गांगुलीpA-969409r2023-10-18 00:00:00s2023-08-07t1v500.00w2015-09-28yHN